000 00690nam a2200241Ia 4500
003 OSt
005 20220928125134.0
006 a|||||r|||| 00| 0
007 ta
008 220927b |||||||| |||| 00| 0 eng d
024 _a37593
037 _cTextual
040 _aSDCL
_cSDCL
_beng
041 _2eng
_aeng
082 _aX512:8.73'N8, M2
100 _aPackard Sidney
_9468086
245 0 _aStart your own store
_b Managing, merchandising ,and evaluating
260 _aNew
_b#NAME?
_c1982
300 _axvii,238p
_ccm.
700 _a Carron Alan J
_9468087
942 _hX512:8.73'N8, M2
_cTEXL
_2CC
999 _c780966
_d780966